[Event "11th Norway Blitz 2023"]
[Site "Stavanger NOR"]
[Date "2023.05.29"]
[Round "6.5"]
[White "Giri, Anish"]
[Black "Gukesh, D"]
[Result "0-1"]
[WhiteTitle "GM"]
[BlackTitle "GM"]
[WhiteElo "2768"]
[BlackElo "2732"]
[WhiteFideId "24116068"]
[BlackFideId "46616543"]
[EventDate "2023.05.29"]

1. e4 c5 2. Nf3 Nc6 3. d4 cxd4 4. Nxd4 e6 5. Nc3 Qc7 6. Be3 a6 7. Qf3 Nf6 8.
O-O-O Ne5 9. Qg3 b5 10. f4 Neg4 11. Bd2 b4 12. Na4 h5 13. Bd3 Bb7 14. h3 Nh6 15.
Qe1 h4 16. Kb1 Rb8 17. Rf1 Be7 18. g4 hxg3 19. Qxg3 Nxe4 20. Qxg7 Bf6 21. Qg1
Rg8 22. Qe3 Rg3 23. Nf3 Nf5 24. Qe1 Rxf3 25. Rxf3 Nxd2+ 26. Rxd2 Bxf3 27. Bxf5
Bc3 28. Bd3 Qxf4 0-1

[Event "11th Norway Blitz 2023"]
[Site "Stavanger NOR"]
[Date "2023.05.29"]
[Round "7.1"]
[White "Carlsen, Magnus"]
[Black "Tari, Aryan"]
[Result "0-1"]
[WhiteTitle "GM"]
[BlackTitle "GM"]
[WhiteElo "2853"]
[BlackElo "2642"]
[WhiteFideId "1503014"]
[BlackFideId "1510045"]
[EventDate "2023.05.29"]

1. e4 e5 2. Nf3 Nc6 3. Bb5 Nge7 4. Nc3 Ng6 5. h4 Nd4 6. Bc4 h5 7. d3 Be7 8. Nd5
c6 9. Nxe7 Qxe7 10. Bg5 f6 11. Be3 b5 12. Bb3 Nxb3 13. axb3 d6 14. Nd2 Bg4 15.
f3 Be6 16. Ra6 c5 17. Qa1 O-O 18. Kf2 f5 19. Bg5 Qd7 20. Qa5 d5 21. exd5 Qxd5
22. Re1 Bf7 23. Rxa7 Rxa7 24. Qxa7 Nxh4 25. c4 Qxd3 26. Qxc5 Ng6 27. cxb5 e4 28.
b6 Qd7 29. Nc4 exf3 30. Nd6 f4 31. gxf3 Qh3 32. Rg1 Nh4 33. Bxh4 Qxh4+ 34. Kf1
Qh3+ 35. Ke2 Qe6+ 36. Kf2 Qxb3 37. Qd4 Qc2+ 38. Kf1 g6 39. Ne4 Bc4+ 0-1

[Event "11th Norway Blitz 2023"]
[Site "Stavanger NOR"]
[Date "2023.05.29"]
[Round "7.3"]
[White "Mamedyarov, Shakhriyar"]
[Black "Giri, Anish"]
[Result "1/2-1/2"]
[WhiteTitle "GM"]
[BlackTitle "GM"]
[WhiteElo "2738"]
[BlackElo "2768"]
[WhiteFideId "13401319"]
[BlackFideId "24116068"]
[EventDate "2023.05.29"]

1. d4 d5 2. c4 c6 3. cxd5 cxd5 4. Nc3 Nf6 5. Bf4 Nc6 6. e3 a6 7. Bd3 Bg4 8. Nge2
e6 9. h3 Bh5 10. O-O Bd6 11. Qd2 Bxe2 12. Nxe2 Bxf4 13. Nxf4 O-O 14. Rac1 Qd6
15. Rc3 Rfc8 16. Rfc1 g6 17. a3 Ne7 18. Bb1 Kg7 19. Qe1 Rxc3 20. Rxc3 Rc8 21.
Nd3 Rxc3 22. Qxc3 Ne4 23. Qc2 Qb6 24. Nc5 Nd6 25. Qc3 a5 26. Bd3 Qd8 27. Qc2 b6
28. Na4 b5 29. Nc5 a4 30. Qc3 Qb6 31. Nd7 Qd8 32. Nc5 Qb6 33. Nd7 Qd8 34. Nc5 1/2-1/2

[Event "11th Norway Blitz 2023"]
[Site "Stavanger NOR"]
[Date "2023.05.29"]
[Round "7.4"]
[White "Abdusattorov, Nodirbek"]
[Black "Firouzja, Alireza"]
[Result "1/2-1/2"]
[WhiteTitle "GM"]
[BlackTitle "GM"]
[WhiteElo "2731"]
[BlackElo "2785"]
[WhiteFideId "14204118"]
[BlackFideId "12573981"]
[EventDate "2023.05.29"]

1. e4 e5 2. Nf3 Nc6 3. Bb5 a6 4. Ba4 Nf6 5. O-O b5 6. Bb3 Bb7 7. d3 Bc5 8. Be3
Bxe3 9. fxe3 d6 10. a3 O-O 11. Nc3 Rb8 12. Qe1 Bc8 13. Nh4 Be6 14. Nd5 Bxd5 15.
exd5 Ne7 16. Rxf6 gxf6 17. Qf2 f5 18. Rf1 Kh8 19. Nxf5 Nxf5 20. Qxf5 Qe7 21. c3
f6 22. Bd1 Qg7 23. Bg4 Qg6 24. Qf3 Qh6 25. Be6 Rbe8 26. g3 c5 27. Qe2 Re7 28.
Rf5 Qg6 29. Qf3 a5 30. Kg2 b4 31. axb4 axb4 32. cxb4 cxb4 33. Qe4 Rc7 34. Qxb4
Rc2+ 35. Rf2 Qxd3 36. Qxd6 Rxf2+ 37. Kxf2 Qc2+ 38. Kf3 Qd1+ 39. Kf2 Qc2+ 40. Kf3
Qd1+ 41. Kf2 Qc2+ 1/2-1/2

[Event "11th Norway Blitz 2023"]
[Site "Stavanger NOR"]
[Date "2023.05.29"]
[Round "7.5"]
[White "Caruana, Fabiano"]
[Black "So, Wesley"]
[Result "1/2-1/2"]
[WhiteTitle "GM"]
[BlackTitle "GM"]
[WhiteElo "2764"]
[BlackElo "2760"]
[WhiteFideId "2020009"]
[BlackFideId "5202213"]
[EventDate "2023.05.29"]

1. c4 e6 2. Nc3 d5 3. d4 Be7 4. cxd5 exd5 5. Bf4 c6 6. e3 Bf5 7. Nge2 Nd7 8. Ng3
Bg6 9. Be2 Nf8 10. Nh5 Ne6 11. Be5 Nf6 12. Nxf6+ Bxf6 13. Bxf6 Qxf6 14. O-O h6
15. b4 a6 16. a4 O-O 17. b5 axb5 18. axb5 Rac8 19. bxc6 bxc6 20. Ra6 Rfd8 21.
Na4 Be4 22. Nc3 Bf5 23. Na4 Be4 24. Bd3 Qg6 25. Bxe4 Qxe4 26. Qc1 c5 27. dxc5
Qc4 28. Ra5 Qb4 29. Qe1 Qxe1 30. Rxe1 Ra8 31. Rxa8 Rxa8 32. Nb6 Rb8 33. Nd7 Rb7
34. c6 Rc7 35. Rc1 Nd8 36. Nb8 Kf8 37. g4 Ke7 38. Kg2 Kd6 39. Ra1 Rc8 40. Ra7
Rc7 41. Ra6 Rc8 42. Ra7 Rc7 43. Ra5 Rc8 44. Na6 Nxc6 45. Rb5 Ra8 46. Rxd5+ Kxd5
47. Nc7+ Kd6 48. Nxa8 Ne5 49. Nb6 Nxg4 50. Nc4+ Ke6 51. Nd2 Ne5 52. h3 Nd7 1/2-1/2

[Event "11th Norway Blitz 2023"]
[Site "Stavanger NOR"]
[Date "2023.05.29"]
[Round "8.1"]
[White "So, Wesley"]
[Black "Carlsen, Magnus"]
[Result "1/2-1/2"]
[WhiteTitle "GM"]
[BlackTitle "GM"]
[WhiteElo "2760"]
[BlackElo "2853"]
[WhiteFideId "5202213"]
[BlackFideId "1503014"]
[EventDate "2023.05.29"]

1. e4 e6 2. d4 d5 3. Nd2 a6 4. Ngf3 Nf6 5. e5 Nfd7 6. c3 c5 7. Bd3 Nc6 8. O-O g5
9. Nb1 g4 10. Ne1 cxd4 11. cxd4 Nxd4 12. Qxg4 Nc6 13. f4 Nc5 14. Be3 h5 15. Qe2
Bd7 16. Nd2 Nb4 17. Bxc5 Bxc5+ 18. Kh1 Qb6 19. Ndf3 O-O-O 20. Ng5 Rdf8 21. Nh7
Rd8 22. Ng5 Be8 23. a3 Nxd3 24. Nxd3 Be7 25. h4 Kb8 26. Rac1 d4 27. f5 Bxg5 28.
hxg5 h4 29. Kh2 h3 30. g4 Qb3 31. Qc2 Qxc2+ 32. Rxc2 Bb5 33. Rf3 exf5 34. gxf5
Rh5 35. g6 fxg6 36. fxg6 Rg8 37. Rd2 Ka7 38. Rg3 Rh4 39. Nf2 Be8 40. g7 Bd7 41.
Rg6 Rh7 42. Rxd4 Rhxg7 43. Rxg7 Rxg7 44. Nxh3 Rh7 45. Rd3 Bf5 46. Rf3 Rh5 47.
Re3 Bxh3 48. Rxh3 Rxe5 49. Kg1 Kb6 50. Kf2 Rc5 51. Ke1 Rd5 52. Rb3+ Rb5 53.
Rxb5+ Kxb5 54. Kd2 Kc4 55. Kc2 b6 56. b3+ Kd4 57. a4 a5 58. Kd2 Kc5 59. Kc3 b5
60. axb5 Kxb5 61. Kc2 a4 62. bxa4+ Kxa4 1/2-1/2

[Event "11th Norway Blitz 2023"]
[Site "Stavanger NOR"]
[Date "2023.05.29"]
[Round "8.3"]
[White "Firouzja, Alireza"]
[Black "Caruana, Fabiano"]
[Result "0-1"]
[WhiteTitle "GM"]
[BlackTitle "GM"]
[WhiteElo "2785"]
[BlackElo "2764"]
[WhiteFideId "12573981"]
[BlackFideId "2020009"]
[EventDate "2023.05.29"]

1. b4 e5 2. Bb2 Bxb4 3. Bxe5 Nf6 4. e3 O-O 5. Nf3 d5 6. c4 c5 7. Nc3 Bxc3 8.
Bxc3 Nc6 9. Bxf6 Qxf6 10. cxd5 Nb4 11. Rc1 b6 12. Bc4 Bb7 13. Qb3 Rad8 14. d4 b5
15. dxc5 a5 16. Be2 Bxd5 17. Qc3 Qg6 18. Rd1 Nxa2 19. Qxa5 Ra8 20. Qd2 Bb3 21.
Ra1 Rfd8 22. Qb2 Bd5 23. O-O b4 24. Rfd1 Nc3 25. Rxa8 Rxa8 26. Re1 h6 27. Kf1
Ra2 28. Qxb4 Nxe2 29. Rxe2 Qd3 30. Nd4 Bc4 31. Qe1 Qe4 32. f3 Qxe3 33. Qf2 Qc1+
34. Qe1 Bxe2+ 35. Nxe2 Qxc5 36. Qd1 Qa7 37. Qd8+ Kh7 38. Qd3+ g6 39. g3 Qe7 40.
Kf2 Qe6 41. h4 Qh3 42. Qc4 Qh2+ 43. Ke3 Ra7 44. Kf4 Qh3 45. Nc3 Qf5+ 46. Ke3
Qe5+ 47. Kd2 Qxg3 48. Qd4 Re7 49. Ne4 Qe5 50. Qb4 Kg7 51. Nc3 Rd7+ 52. Kc2 Qf5+
53. Ne4 Rc7+ 54. Kd2 Qd5+ 55. Ke3 Rb7 56. Qc3+ Kf8 57. Qh8+ Ke7 58. Qf6+ Kd7 59.
Qc3 Qe6 60. Kf2 Kd8 61. Qh8+ Kc7 62. Qxh6 Rb2+ 63. Ke3 Qb6+ 64. Kf4 Kb7 65. Qg7
Qc7+ 66. Kg5 Rb5+ 67. Kf6 Rf5# 0-1

[Event "11th Norway Blitz 2023"]
[Site "Stavanger NOR"]
[Date "2023.05.29"]
[Round "8.4"]
[White "Giri, Anish"]
[Black "Abdusattorov, Nodirbek"]
[Result "0-1"]
[WhiteTitle "GM"]
[BlackTitle "GM"]
[WhiteElo "2768"]
[BlackElo "2731"]
[WhiteFideId "24116068"]
[BlackFideId "14204118"]
[EventDate "2023.05.29"]

1. e4 c5 2. Nf3 Nf6 3. e5 Nd5 4. Nc3 e6 5. Nxd5 exd5 6. d4 Nc6 7. dxc5 Bxc5 8.
Qxd5 d6 9. exd6 Qb6 10. Qe4+ Be6 11. Qh4 Bxd6 12. Bd3 Nb4 13. O-O Nxd3 14. cxd3
O-O 15. Be3 Qxb2 16. Rfb1 Qc3 17. Bd4 Qxd3 18. Bxg7 Kxg7 19. Rd1 Qc3 20. Nd4 Qc5
21. Rd3 Be7 22. Qe4 Rad8 23. Rad1 Kh8 24. Qxb7 Bf6 25. Qe4 Rxd4 26. Rxd4 Bxd4 0-1

[Event "11th Norway Blitz 2023"]
[Site "Stavanger NOR"]
[Date "2023.05.29"]
[Round "8.5"]
[White "Gukesh, D"]
[Black "Mamedyarov, Shakhriyar"]
[Result "0-1"]
[WhiteTitle "GM"]
[BlackTitle "GM"]
[WhiteElo "2732"]
[BlackElo "2738"]
[WhiteFideId "46616543"]
[BlackFideId "13401319"]
[EventDate "2023.05.29"]

1. d4 Nf6 2. c4 g6 3. Nc3 d5 4. cxd5 Nxd5 5. e4 Nxc3 6. bxc3 Bg7 7. Bc4 c5 8.
Ne2 O-O 9. O-O Nc6 10. Be3 Na5 11. Bd3 b6 12. Qd2 e5 13. dxc5 Be6 14. Rfd1 Qc7
15. cxb6 axb6 16. Qb2 Nc4 17. Bxc4 Qxc4 18. Ng3 h5 19. f3 b5 20. a3 Rfc8 21. Nf1
Bf8 22. Rdc1 Qb3 23. Qxb3 Bxb3 24. Rab1 Bc4 25. Nd2 Bxa3 26. Re1 Bd3 27. Rb3 Be7
28. f4 exf4 29. Bxf4 Ra3 30. Be5 Ra2 31. Nf3 Bc5+ 32. Bd4 Be7 33. Ne5 Bc4 34.
Nxc4 bxc4 35. Rb5 Bf8 36. Rf1 Bg7 37. Bxg7 Kxg7 38. Rb7 Rf8 39. Rc7 Re2 40. Rxc4
Kh6 41. Rd4 Rb8 42. Rd3 Rbb2 43. Rg3 Kg7 44. c4 Rbc2 45. c5 Rxe4 46. Rgf3 f5 47.
R3f2 Rxc5 48. h3 h4 49. Rd2 Kf6 50. Ra2 Kg5 51. Rd2 Kh5 52. Rdf2 Rd4 53. Re2 g5
54. Re8 Rd2 55. Rh8+ Kg6 56. Rg8+ Kh6 57. Rf2 Rc1+ 58. Rf1 Rcc2 59. Rxf5 Rxg2+
60. Kf1 Rh2 61. Kg1 Rhg2+ 62. Kf1 Rgd2 63. Rf6+ Kh7 64. Re8 Rd1+ 65. Re1 Rxe1+
66. Kxe1 Rc3 0-1

[Event "11th Norway Blitz 2023"]
[Site "Stavanger NOR"]
[Date "2023.05.29"]
[Round "9.1"]
[White "Carlsen, Magnus"]
[Black "Firouzja, Alireza"]
[Result "1/2-1/2"]
[WhiteTitle "GM"]
[BlackTitle "GM"]
[WhiteElo "2853"]
[BlackElo "2785"]
[WhiteFideId "1503014"]
[BlackFideId "12573981"]
[EventDate "2023.05.29"]

1. b3 d5 2. Nf3 Bf5 3. Bb2 e6 4. g3 h6 5. Bg2 Nf6 6. O-O a5 7. a4 Be7 8. d3 O-O
9. Nbd2 Bh7 10. Re1 Na6 11. e4 Nb4 12. Ne5 c6 13. f4 Qb6+ 14. Kh1 Rad8 15. Re2
Qa6 16. exd5 cxd5 17. Ndf3 Ne8 18. Nd4 Nd6 19. g4 Rc8 20. f5 Rfe8 21. c3 Nc6 22.
fxe6 fxe6 23. Nexc6 bxc6 24. Rxe6 Bf8 25. c4 Kh8 26. Qf3 Qb7 27. Rf1 Qd7 28.
cxd5 cxd5 29. Rxe8 Rxe8 30. Qxf8+ Rxf8 31. Rxf8+ Bg8 32. Bxd5 Qe7 33. Rxg8+ Kh7
34. Ne2 Ne8 35. Rxe8 Qxe8 36. Be4+ Kh8 37. Nd4 Qc8 38. h3 Qc7 39. Kg2 Qf4 40.
Bc3 Qc1 41. Ne2 Qe3 42. Bf3 Qxd3 43. Bxa5 Qxb3 44. Nc3 Qc4 45. Be2 Qd4 46. Bb5
Qd2+ 47. Kf3 Qh2 48. Bb6 Qxh3+ 49. Ke4 Qxc3 50. Kd5 Qb4 51. Kc6 Qxg4 52. a5 Qc8+
53. Bc7 h5 54. a6 h4 55. Kb6 Qe6+ 56. Bc6 Qb3+ 57. Ka5 Qc3+ 58. Kb6 Qb3+ 59. Bb5
Qe3+ 60. Kb7 Qb3 61. Kb6 Qe3+ 62. Kb7 Qb3 1/2-1/2

[Event "11th Norway Blitz 2023"]
[Site "Stavanger NOR"]
[Date "2023.05.29"]
[Round "9.3"]
[White "Abdusattorov, Nodirbek"]
[Black "Gukesh, D"]
[Result "1-0"]
[WhiteTitle "GM"]
[BlackTitle "GM"]
[WhiteElo "2731"]
[BlackElo "2732"]
[WhiteFideId "14204118"]
[BlackFideId "46616543"]
[EventDate "2023.05.29"]

1. e4 c5 2. Nf3 Nc6 3. Nc3 e6 4. d4 cxd4 5. Nxd4 Qc7 6. Be3 a6 7. Qf3 Nf6 8.
O-O-O Ne5 9. Qg3 b5 10. Nf3 d6 11. Nxe5 dxe5 12. f3 Bd7 13. Bd3 b4 14. Ne2 a5
15. Kb1 a4 16. Rc1 g6 17. Qf2 Bd6 18. h4 h5 19. Bg5 Be7 20. Qg3 Bc6 21. Nd4 Nd7
22. Bxe7 Kxe7 23. Rhd1 Rhd8 24. c3 b3 25. a3 Qb6 26. Qg5+ Kd6 27. Nb5+ Bxb5 28.
Bxb5+ Kc7 29. Bxd7 Rxd7 30. Qxe5+ Kc6 31. Rd4 Ra5 32. Qh8 Raa7 33. Rc4+ Kd6 34.
Qf8+ Ke5 35. Rc5+ Kf6 36. g4 e5 37. Qh8+ Ke7 38. Rxe5+ Kd6 39. Rd5+ Kc6 40. Qf6+ 1-0

[Event "11th Norway Blitz 2023"]
[Site "Stavanger NOR"]
[Date "2023.05.29"]
[Round "9.4"]
[White "Caruana, Fabiano"]
[Black "Giri, Anish"]
[Result "1/2-1/2"]
[WhiteTitle "GM"]
[BlackTitle "GM"]
[WhiteElo "2764"]
[BlackElo "2768"]
[WhiteFideId "2020009"]
[BlackFideId "24116068"]
[EventDate "2023.05.29"]

1. d4 d5 2. Bf4 Nf6 3. e3 c5 4. Nf3 Nc6 5. Nbd2 Nh5 6. dxc5 Nxf4 7. exf4 g6 8.
Be2 Bg7 9. c3 O-O 10. Nb3 Bg4 11. Nfd4 Bxe2 12. Qxe2 e5 13. fxe5 Bxe5 14. O-O
Re8 15. Qd3 Bg7 16. Nf3 Qd7 17. Rad1 Rad8 18. Nbd4 a6 19. h3 Bf6 20. Rfe1 Kg7
21. b4 Nxd4 22. Nxd4 Be5 23. Re2 Bf6 24. Rde1 Rxe2 25. Rxe2 h5 26. c6 bxc6 27.
Qxa6 Rc8 28. Re3 c5 29. bxc5 Rxc5 30. Qe2 Qa4 31. Rd3 Qc4 32. g3 Ra5 33. Nb3
Rxa2 34. Qxa2 Qxd3 35. Nc5 Qf3 36. Qa7 Qxc3 37. Ne6+ Kg8 38. Nf4 Qe1+ 39. Kh2 d4
40. Qa8+ Kg7 41. Qf3 Qe5 42. Nd3 Qe6 43. Kg2 h4 44. g4 g5 45. Nc5 Qe5 46. Nd3
Qe6 47. Nc5 Qd6 48. Ne4 Qe5 49. Nd2 Be7 50. Qd3 Qd5+ 51. Nf3 Bf6 52. Kg1 Qd6 53.
Nd2 Qd5 54. Nf3 Qd6 55. Nd2 Qd5 56. Ne4 Be7 57. Nc3 Qe5 58. Ne4 Bd6 59. Kf1 Be7
60. Nd2 Qd5 61. Nf3 Bf6 62. Kg2 Kg8 63. Kg1 Kg7 64. Ne1 Qe5 65. Nf3 Qd5 66. Nd2
Be7 67. Nc4 Bd6 68. Ne3 Bh2+ 69. Kxh2 Qe5+ 70. Kg2 dxe3 71. Qxe3 Qxe3 72. fxe3
Kf6 73. Kf2 Ke5 74. Kf3 Kd5 75. Kf2 Kc4 76. Ke2 Kc3 77. Kf2 Kd2 78. Kf3 Ke1 79.
e4 Kd2 80. e5 Kd3 81. Kf2 Ke4 82. Ke2 Kxe5 83. Ke3 Kd5 84. Kd3 Ke5 85. Ke3 f6
86. Kf3 Kd4 87. Kf2 Ke4 88. Ke2 Kd4 89. Kd2 Ke4 90. Ke2 Kf4 91. Kf2 f5 92. gxf5
Kxf5 93. Kf3 Kf6 94. Kf2 Ke6 95. Ke2 Ke7 96. Ke1 Kd6 97. Kd2 Kd7 98. Kd1 Ke6 99.
Ke2 Kf7 100. Kf1 Kg7 101. Kg2 Kg6 102. Kf2 Kf6 103. Kf3 Kf5 104. Ke3 Ke5 1/2-1/2

[Event "11th Norway Blitz 2023"]
[Site "Stavanger NOR"]
[Date "2023.05.29"]
[Round "9.5"]
[White "Tari, Aryan"]
[Black "So, Wesley"]
[Result "1/2-1/2"]
[WhiteTitle "GM"]
[BlackTitle "GM"]
[WhiteElo "2642"]
[BlackElo "2760"]
[WhiteFideId "1510045"]
[BlackFideId "5202213"]
[EventDate "2023.05.29"]

1. e4 e5 2. Nf3 Nc6 3. d4 exd4 4. Nxd4 Nf6 5. Nxc6 bxc6 6. Nd2 d5 7. exd5 cxd5
8. Bb5+ Bd7 9. Bxd7+ Qxd7 10. O-O Be7 11. b3 O-O 12. Bb2 a5 13. a4 Rfe8 14. Qf3
c6 15. Rad1 Qg4 16. Qxg4 Nxg4 17. Nf3 Bf6 18. Bc1 Ne5 19. Nxe5 Bxe5 20. Be3 f5
21. g3 Kf7 22. Kg2 Bf6 23. h4 Re4 24. Kf3 Bc3 25. Rd3 Bb4 26. Rc1 Ba3 27. Ra1
Bb4 28. Rc1 Ba3 29. Rcd1 Bb4 30. Rc1 1/2-1/2